Padamāvata-sāra. (Record no. 80636)

MARC details
000 -LEADER
fixed length control field 00546cam a22002171 4500
001 - CONTROL NUMBER
control field sa 68005298
003 - CONTROL NUMBER IDENTIFIER
control field DLC
005 - DATE AND TIME OF LATEST TRANSACTION
control field 20260227112507.0
008 - FIXED-LENGTH DATA ELEMENTS--GENERAL INFORMATION
fixed length control field 881102s1964 xx 000 0 hino
010 ## - LIBRARY OF CONGRESS CONTROL NUMBER
LC control number sa 68005298
035 ## - SYSTEM CONTROL NUMBER
System control number (OCoLC)23548619
040 ## - CATALOGING SOURCE
Original cataloging agency DLC
Transcribing agency MiU
Modifying agency DLC
042 ## - AUTHENTICATION CODE
Authentication code premarc
050 00 - LIBRARY OF CONGRESS CALL NUMBER
Classification number PK2095.M3
Item number P36
100 1# - MAIN ENTRY--PERSONAL NAME
Personal name Narang, Indra Chandra,
Dates associated with a name 1907-
245 10 - TITLE STATEMENT
Title Padamāvata-sāra.
260 ## - PUBLICATION, DISTRIBUTION, ETC.
Date of publication, distribution, etc. 1964.
300 ## - PHYSICAL DESCRIPTION
Extent 11, 321, 87 p.
Dimensions 19 cm.
500 ## - GENERAL NOTE
General note Romanized.
700 0# - ADDED ENTRY--PERSONAL NAME
Personal name Malik Muhammad Jayasi,
Dates associated with a name active 1540.

No items available.

Powered by Koha